Apéndice al alegato de bien probado en la causa que sigue Don Francisco Sayer con D. Juan Agustín Vives sobre nulidad por lesión enorme y enormísima en el contrato de compra venta de la mitad del privilegio de las lanchas cisternas
Spremljeno u:
| Glavni autori: | , |
|---|---|
| Format: | Knjiga |
| Jezik: | španjolski |
| Izdano: |
Valparaíso
Imprenta del Mercurio, calle de la Aduana n§ 22 y 24
1850
|
| Izdanje: | 1a. ed |
| Teme: | |
| Oznake: |
Dodaj oznaku
Bez oznaka, Budi prvi tko označuje ovaj zapis!
|
MARC
| LEADER | 00000nam a2200000 a 4500 | ||
|---|---|---|---|
| 001 | UCJ4603 | ||
| 003 | CL-VaPUC | ||
| 008 | 070124e18500600CL |||||||||||||||||spa|d | ||
| 082 | 0 | 4 | |a 983 |b SAY |2 21 |
| 100 | 0 | |a Sayer, Francisco |e author |9 508629 | |
| 651 | 0 | |a Valparaíso, Chile |9 261144 | |
| 700 | 0 | |a Vives, Juan Agustín |e author |9 508630 | |
| 245 | 1 | 0 | |a Apéndice al alegato de bien probado en la causa que sigue Don Francisco Sayer con D. Juan Agustín Vives sobre nulidad por lesión enorme y enormísima en el contrato de compra venta de la mitad del privilegio de las lanchas cisternas |
| 250 | |a 1a. ed | ||
| 300 | |a 23 p | ||
| 942 | |c BK | ||
| 945 | |d 20070124 00:00:00 |a rinostro | ||
| 260 | |a Valparaíso |b Imprenta del Mercurio, calle de la Aduana n§ 22 y 24 |c 1850 | ||
| 500 | |a Empastado junto a otras monografías en un volumen rotulado Alegatos, 983 ART | ||
| 600 | 0 | 7 | |a FIERRO, PASCUAL DEL |2 CL-VaPUC |9 508631 |
| 650 | 0 | |a Juicios civiles |9 506779 | |
| 650 | 0 | |a Contratos |9 255153 | |
| 583 | |a last modification |c 20070124 00:00:00 |k Rodrigo Vera | ||
| 999 | |c 320719 |d 320717 | ||
| 952 | |0 0 |1 0 |4 0 |6 983_000000000000000_SAY_1850 |7 0 |8 X |9 399302 |a FDOBUD |b FDOBUD |d 2019-11-22 |i 1022288 |o 983 SAY 1850 |p 1022288 |r 2019-11-22 |w 2019-11-22 |y BK_X |k BUD | ||